| 000 | | | 04450nac2a22002893x 450 |
| 001 | | | 3607827e-2a31-4f6d-a80a-02ba8a574571 |
| 005 | | | 20230718225518.0 |
| 100 | ## | $a | 20230613l19291929k y0rusy50 ca |
| 101 | 0# | $a | rus |
| 102 | ## | $a | RU |
| 105 | ## | $a | y j ||||| |
| 122 | 2# | $a | d19290104 |
| | $a | d19290606 |
| 200 | 1# | $a | Об ассигновании курсам Марксизма средств, необходимых для приспособления учебного помещения курсов по Подсосенскому пер. д. № 21 |
| | $j | 04.01.1929 - 06.06.1929 |
| 215 | ## | $a | 6 листов |
| | $d | 37,3 х 24,4 |
| 251 | ## | $c | Дело |
| 300 | ## | $a | В деле обратная нумерация |
| 300 | ## | $a | Заголовок дела на папке: Об ассигновании курсам Марксизма средств, необходимых для приспособления учебного помещения курсов по Подсосинскому пер. д. № 21 |
| 300 | ## | $a | Часть текста машинописная и рукописная, часть - напечатана типографским способом |
| 324 | ## | $a | В деле имеются копии отдельных документов |
| 461 | #0 | $1 | 001796d4672-8a00-4986-b488-6e42273792cc |
| | $1 | 2001 |
| | $a | ЦЕНТРАЛЬНЫЙ ИСПОЛНИТЕЛЬНЫЙ КОМИТЕТ СССР (ЦИК СССР). |
| | $1 | 251 |
| | $c | Фонд |
| | $1 | 852 |
| | $g | Р |
| | $j | 3316 |
| 462 | #0 | $1 | 0016e6e8ba4-e15f-4ad4-8937-f1e88c150bfe |
| | $1 | 2001 |
| | $a | Дела Секретариата Президиума ЦИК Союза ССР. 1929 г. |
| | $v | Д. 523 |
| | $1 | 251 |
| | $c | Опись |
| | $1 | 852 |
| | $j | 22 |
| 517 | 1# | $a | Об ассигновании курсам Марксизма средств, необходимых для приспособления учебного помещения курсов по Подсосинскому пер. д. № 21 |
| 601 | 01 | $3 | RU\NLR\AUTH\880357276 |
| | $a | СССР |
| | $b | ЦИК |
| 601 | 02 | $3 | RU\NLR\AUTH\880566607 |
| | $a | Курсы марксизма |
| | $c | Москва |
| 801 | #0 | $a | RU |
| | $b | GA_RF |
| 801 | #1 | $a | RU |
| | $b | ГлавНИВЦ |
| | $c | 20230613 |
| | $2 | rusmarc |
| 801 | #2 | $a | RU |
| | $b | ПБ им. Б.Н. Ельцина |
| | $c | 20230718 |
| | $g | RCR |
| | $2 | rusmarc |
| 852 | ## | $a | ГА РФ |
| | $j | 523 |
| 937 | ## | $d | 186622254 |
| | $h | ГАРФ |
| 035 | ## | $a | RuPRLIB51072529 |
| 856 | ## | $u | http://readingroom.main.prlib.ru/item.aspx?id_node=n186622254&mode=full |